| 000 | 00580nam a2200181 4500 | ||
|---|---|---|---|
| 008 | b xx# ara u | ||
| 010 | _a55138/9 | ||
| 040 | _aLB-BrCRDP | ||
| 082 | _a892.73/B616a | ||
| 100 | 1 | _a. بقاعي، ايمان | |
| 130 | 1 | _lAR | |
| 245 | 1 | 0 |
_a. اجيئك حيث تكونين _cايمان بقاعي |
| 260 |
_aبيروت _bالنخبة للتأليف والترجمة والنشر _c2008 |
||
| 300 |
_a125ص. ؛ _c21 سم. |
||
| 650 | _aالقصة اللبنانية الحديثة | ||
| 942 | _cBK | ||
| 999 |
_c15876 _d15876 |
||